Tovább bővültek a Szegedi Tudományegyetem külföldi kapcsolatai Dr. Antalffy György rektor Szovetunióbeli útjáról

Elmentve itt :
Bibliográfiai részletek
Dokumentumtípus: Cikk
Megjelent: 1961-02-10
Sorozat:Délmagyarország
Kulcsszavak:Antalffy György, Szegedi Egyetem külkapcsolat 1961
Online Access:http://dmarchiv.bibl.u-szeged.hu/36185
LEADER 00523nab a2200145 i 4500
001 delm36185
005 20180927112828.0
008 180927s1961 hu o 0|| hun d
040 |a SZTE Délmagyarország Archívum  |b hun 
041 |a hun 
245 0 0 |a Tovább bővültek a Szegedi Tudományegyetem külföldi kapcsolatai   |h [elektronikus dokumentum] :  |b Dr. Antalffy György rektor Szovetunióbeli útjáról 
260 |c 1961-02-10 
300 |a 3 
490 0 |a Délmagyarország 
695 |a Antalffy György, Szegedi Egyetem külkapcsolat 1961